000 00776nam a2200289Ia 4500
005 20260324132859.0
008 008 260324s9999 xx 000 0 eng d
020 _a9781315263939
037 _aEBOOK
040 _aCRL
040 _beng
040 _cCRL
041 _2eng
041 _aeng
084 _qCRL
100 _aMartin S. Smith; Roger A. Mason
_91190972
245 2 _aA Dialogue on the Law of Kingship among the Scots
245 2 _bA Critical Edition and Translation of George Buchanan's De Iure Regni apud Scotos Dialogus
260 _bTaylor and Francis
260 _c2004
365 _a
365 _b230
856 _uhttp://www.taylorfrancis.com/books/9781315263939
942 _cEBOOK
999 _c1789477
_d1789477